1041 1290 1887 1759 1099 1923 1885 1914 1362 1079 1816 1602 1841 1835 1396 1913 1900 1327 1349 1702 1092 1777 1817 1880 1287 1172 1429 1165 1002 1924 1713 1836 1039 1398 1250 1838 1724 1319 1303 1719 1159 1694 1666 1858 1859 1067 1617 1183 1066 1045 1681 1659 1496 1946 1178 1390 1556 1927 1944 1892 1565 1374 1863 1840 1139 1247 1767 1225 1886 1061 1835 1401 1536 1614 1111 1282 1465 1860 1214 1258 1584 1173 1411 1613 1569 1360 1126 1795 1089 1142 1914 1879 1081 1707 1437 1649 1469 1371 1220 BCNSPRNW ULIB Ver.6.0+V

เปลี่ยนเป็นภาษาไทย

Change to English
 แสดงรายละเอียดบรรณานุกรม
  กลับหน้าหลัก

Brief Record : Get Marc (ISO 2709) : E-mail record : QR code < ปิดหน้าต่าง
LEADER : 00000nam 2200000uu 4500
001    13399113858
003     ULIB
008    120110s||||||||th 000 0 tha d
099    วจ.WQ200^bย336ป
100 0  ยุคนธร ทองรัตน์
245 00 ปััจจัยที่เกี่ยวข้องกับการที่มารดาไม่มาอยู่เฝ้าทารกแรกเกิซึ่งเข้ารับการรักษาในหอผู้ป่วยหนักโรงพยาบาลพุทธชินราช พิษณุโลก/^cยุคนธร ทองรัตน์,ทิพย์สุดา เส็งพานิช,สิรารักษ์ ศรีมาลา,ฝนทิพย์ ใคร่กระโทก,อรัญญา วิชิตนาค และ วาสนา ภูววัฒนาเศรษฐ์
260    พิษณุโลก :^bวิทยาลัยพยาบาลบรมราชชนนี พุทธชินราช,^c2553
300    70 หน้า :^bตาราง
500    รายงานการวิจัย
650  7 ทารกแรกเกิด^xมารดา^xวิจัย
650  7 มารดาไม่มาอยู่เฝ้าทารกแรกเกิด
700 02 ทิพย์สุดา เส็งพานิช
700 02 สิรารักษ์ ศรีมาลา
700 02 ฝนทิพย์ ใคร่กระโทก
700 02 อรัญญา วิชิตนาค
700 02 วาสนา ภูววัฒนาเศรษฐ์
710 1  วิทยาลัยพยาบาลบรมราชชนนี พุทธชินราช
945    ^p0^l0^i030923
995    ทศพร
999 ^a ทศพร
รายการนี้ยังไม่มีแท็ก
คุณยังไม่ได้ล็อกอิน คุณสามารถมีกิจกรรมร่วมกับเว็บไซต์ได้ แต่ต้องล็อกอินก่อน ::
  ล็อกอิน

รายการสื่อสารสนเทศ

ลำดับที่ ประเภท เลขเรียก/บาร์โค้ด สถานที่ สถานะ
1. งานวิจัย
งานวิจัย
วจ.WQ200 ย336ป ฉ.1 
  Barcode: 030923
ห้องสมุดวิทยาเขตสวรรค์ประชารักษ์
►วิจัย
บนชั้น

รายการใกล้เคียง
    ผู้แต่ง [ยุคนธร ทองรัตน์]

BibComment


ยังไม่เคยถูกคอมเมนท์

คอมเมนท์ทรัพยากรรายการนี้
  คอมเมนท์: ปััจจัยที่เกี่ยวข..


 Copyright 2026. Bcnsprnw @Library